Political terrorism : (Record no. 123632)
[ view plain ]
| 000 -LEADER | |
|---|---|
| fixed length control field | 00949cam a2200325 a 4500 |
| 001 - CONTROL NUMBER | |
| control field | 147562 |
| 005 - DATE AND TIME OF LATEST TRANSACTION | |
| control field | 20151028105621.0 |
| 008 - FIXED-LENGTH DATA ELEMENTS--GENERAL INFORMATION | |
| fixed length control field | 830323s1982 enk b 001 0 eng |
| 010 ## - LIBRARY OF CONGRESS CONTROL NUMBER | |
| LC control number | 82009431 |
| 020 ## - INTERNATIONAL STANDARD BOOK NUMBER | |
| International Standard Book Number | 0521250323 |
| 020 ## - INTERNATIONAL STANDARD BOOK NUMBER | |
| International Standard Book Number | 0521271479 (pbk.) |
| 035 ## - SYSTEM CONTROL NUMBER | |
| System control number | (OCoLC)8476209 |
| 035 ## - SYSTEM CONTROL NUMBER | |
| System control number | (OCoLC)ocm08476209 |
| 035 ## - SYSTEM CONTROL NUMBER | |
| System control number | (CStRLIN)NYCG83-B21585 |
| 035 ## - SYSTEM CONTROL NUMBER | |
| System control number | (NNC)147562 |
| 040 ## - CATALOGING SOURCE | |
| Modifying agency | IaU |
| 050 0# - LIBRARY OF CONGRESS CALL NUMBER | |
| Classification number | HV6431 |
| 082 0# - DEWEY DECIMAL CLASSIFICATION NUMBER | |
| Classification number | 363.3/2 |
| Edition number | 19 |
| 090 ## - LOCALLY ASSIGNED LC-TYPE CALL NUMBER (OCLC); LOCAL CALL NUMBER (OCLC) | |
| Classification number (OCLC) (R) ; Classification number, CALL (RLIN) (NR) | HV6431 |
| 100 1# - MAIN ENTRY--PERSONAL NAME | |
| Personal name | Wardlaw, Grant. |
| 9 (RLIN) | 20606 |
| 245 10 - TITLE STATEMENT | |
| Title | Political terrorism : |
| Remainder of title | theory, tactics, and counter-measures / |
| Statement of responsibility, etc | Grant Wardlaw. |
| 260 ## - PUBLICATION, DISTRIBUTION, ETC. (IMPRINT) | |
| Place of publication, distribution, etc | Cambridge ; |
| -- | New York : |
| Name of publisher, distributor, etc | Cambridge University Press, |
| Date of publication, distribution, etc | c1982. |
| 300 ## - PHYSICAL DESCRIPTION | |
| Extent | xiii, 218 p. ; |
| Dimensions | 24 cm. |
| 500 ## - GENERAL NOTE | |
| General note | Includes index. |
| 504 ## - BIBLIOGRAPHY, ETC. NOTE | |
| Bibliography, etc | Bibliography: p. 204-212. |
| 650 #0 - SUBJECT ADDED ENTRY--TOPICAL TERM | |
| Topical term or geographic name as entry element | Terrorism |
| General subdivision | Prevention |
| -- | Government policy. |
| 9 (RLIN) | 20607 |
| 650 #0 - SUBJECT ADDED ENTRY--TOPICAL TERM | |
| Topical term or geographic name as entry element | Terrorism. |
| 9 (RLIN) | 1446 |
| 942 ## - ADDED ENTRY ELEMENTS (KOHA) | |
| Source of classification or shelving scheme | Library of Congress Classification |
| Item type | Monograph ( Printed materials) |
| Withdrawn status | Lost status | Source of classification or shelving scheme | Damaged status | Not for loan | Collection code | Home library | Current library | Shelving location | Date acquired | Total Checkouts | Full call number | Barcode | Date last seen | Price effective from | Koha item type |
|---|---|---|---|---|---|---|---|---|---|---|---|---|---|---|---|
| Library of Congress Classification | Main Collection | ARRUPE LIBRARY | ARRUPE LIBRARY | Main Collection | 28/10/2015 | HV6431 | 46500005280 | 30/04/2018 | 28/10/2015 | Monograph ( Printed materials) |